|
|
|
|
| LEADER |
00000cam a2200000 7i4500 |
| 001 |
0000007439 |
| 005 |
20151222.0 |
| 008 |
070903 |
| 020 |
|
|
|a 9830783030 (set)
|
| 020 |
|
|
|a 9830783103
|
| 090 |
0 |
0 |
|a JF
|b REG MAL (8140)
|
| 100 |
0 |
|
|a Mohd. Ridza
|
| 245 |
1 |
0 |
|a Membayar wang untuk bersolat
|c Mohd. Ridza
|
| 260 |
|
|
|a Selangor :
|b Pustaka Murni ,
|c 2005
|
| 440 |
|
|
|a Siri iktibar dan pedoman
|
| 500 |
|
|
|a Children ages 7-9 years old (orange)
|
| 650 |
|
0 |
|a Islamic stories, Malay
|
| 999 |
|
|
|a 0000906590
|b Book
|c Children Collection
|e Cawangan Bandar Tenggara
|
| 999 |
|
|
|a 0000984206
|b Book
|c Children Collection
|e Perbadanan Perpustakaan Awam Johor
|
| 999 |
|
|
|a 0000984207
|b Book
|c Children Collection
|e Perbadanan Perpustakaan Awam Johor
|
| 999 |
|
|
|a 0000984208
|b Book
|c Children Collection
|e Cawangan Tangkak
|
| 999 |
|
|
|a 0000984209
|b Book
|c Children Collection
|e Perbadanan Perpustakaan Awam Johor
|
| 999 |
|
|
|a 0000984210
|b Book
|c Children Collection
|e Perbadanan Perpustakaan Awam Johor
|